Economía para No Economistas (Registro nro. 4168)

Detalles MARC
000 -LEADER
fixed length control field 00961 a2200229 4500
001 - CONTROL NUMBER
control field 46266
005 - DATE AND TIME OF LATEST TRANSACTION
control field 20260407155734.0
008 - FIXED-LENGTH DATA ELEMENTS--GENERAL INFORMATION
fixed length control field 260407a1971 arg spa d
003 - CONTROL NUMBER IDENTIFIER
control field AR-UNSa-BCEJYS
040 ## - CATALOGING SOURCE
Original cataloging agency AR-UNSa-BCEJYS
Language of cataloging spa
Transcribing agency AR-UNSa-BCEJYS
080 ## - UNIVERSAL DECIMAL CLASSIFICATION NUMBER
Universal Decimal Classification number 330
Common auxiliary subdivision Economía en general
100 1# - MAIN ENTRY--PERSONAL NAME
Personal name Alvarez LLopis, Luis
245 10 - TITLE STATEMENT
Title Economía para No Economistas
250 ## - EDITION STATEMENT
Edition statement 4a. ed.
264 #1 - PRODUCTION, PUBLICATION, DISTRIBUTION, MANUFACTURE, AND COPYRIGHT NOTICE
Place of production, publication, distribution, manufacture Buenos Aires :
Name of producer, publisher, distributor, manufacturer Aguilar
Date of production, publication, distribution, manufacture, or copyright notice 1971
300 ## - PHYSICAL DESCRIPTION
Extent 200 p.
Dimensions 21 cm.
505 ## - FORMATTED CONTENTS NOTE
Formatted contents note 1. El consumidor – 2. La empresa – 3. Competencia – 4. Monopolio – 5. Salarios – 6. Beneficios y renta – 7. Dinero e interés – 8. El nivel de la actividad económica – 9. Ciclos económicos – 10. Hacienda pública – 11. Comercio internacional – 12. Tipos de cambios – 13. La balanza de pagos – 14. Política económica.
590 ## - LOCAL NOTE (RLIN)
Local note niveau_biblio:m niveau_hierar:0
700 1# - ADDED ENTRY--PERSONAL NAME
Personal name Stonier, Alfred W.
700 1# - ADDED ENTRY--PERSONAL NAME
Personal name Hague, Douglas C.
942 ## - ADDED ENTRY ELEMENTS (KOHA)
Koha item type
Existencias
Withdrawn status Lost status Damaged status Not for loan Home library Current library Shelving location Date acquired Total checkouts Full call number Barcode Date last seen Price effective from Koha item type
        Biblioteca Prof. Eusebio Cleto del Rey Biblioteca Prof. Eusebio Cleto del Rey   07/04/2026   330 H147 4ed. L26674 07/04/2026 07/04/2026 Libro
        Biblioteca Prof. Eusebio Cleto del Rey Biblioteca Prof. Eusebio Cleto del Rey   07/04/2026   330 H147 4ed. L26675 07/04/2026 07/04/2026 Libro